| 000 | 00841nam a22002057a 4500 | ||
|---|---|---|---|
| 005 | 20210325191549.0 | ||
| 008 | s2540 th tha d | ||
| 041 | _atha | ||
| 090 | _aว HD1483 อ835ก 2540 | ||
| 100 | 0 | _aอุบลศักดิ์ บัวหลวงงาม | |
| 245 | 1 | 0 | _aการศึกษาพัฒนาสถาบันเกษตรกรของประเทศไทย |
| 260 | 3 |
_aม.ป.ท. : _bสถาบันพระปกเกล้า, _c2540 |
|
| 300 |
_a138 หน้า : _b ตาราง ; _c 29 ซม. |
||
| 650 | 0 | 4 | _aสถาบันเกษตรกร -- วิจัย |
| 650 | 0 | 4 | _aสถาบันเกษตรกร -- ไทย -- วิจัย |
| 850 | _aNALT | ||
| 942 | _cRSH | ||
| 997 |
_c000000000028836 _kVC |
||
| 998 | _aARUNTHIP | ||
| 999 |
_c28836 _d28836 |
||